[Event "Florianopolis op 10th"]
[Site "Florianopolis"]
[Date "2024.01.21"]
[Round "2"]
[White "Constantino, Pedro Henrique"]
[Black "Seccafim, Caic Dos Santos"]
[Result "1/2-1/2"]
[WhiteElo "1728"]
[BlackElo "1986"]
[PlyCount "39"]
[EventDate "2024.01.20"]
[EventType "swiss"]
[EventRounds "10"]
[EventCountry "BRA"]
[SourceTitle "CB05_2024"]
[SourceDate "2024.01.31"]
[SourceVersion "1"]
[SourceVersionDate "2024.01.31"]
[SourceQuality "1"]

1. e4 d6 2. d4 Nf6 3. Nc3 g6 4. Bc4 Bg7 5. h3 0-0 6. Nf3 Nxe4 7. Bxf7+ Rxf7 8. Nxe4 Nc6 9. 0-0 Bf5 10. Ng3 Bd7 11. c3 e5 12. Ng5 Re7 13. Qb3+ d5 14. Qxd5+ Be6 15. Qxd8+ Rxd8 16. Nxe6 Rxe6 17. Re1 Kf7 18. Ne4 Rde8 19. dxe5 Nxe5 20. Be3 1/2-1/2

[Event "Florianopolis op 9th"]
[Site "Florianopolis"]
[Date "2023.01.27"]
[Round "7"]
[White "Constantino, Pedro Henrique"]
[Black "Reichert, Thiago da Cruz"]
[Result "1/2-1/2"]
[WhiteElo "1727"]
[BlackElo "1930"]
[PlyCount "53"]
[EventDate "2023.01.23"]
[EventType "swiss"]
[EventRounds "10"]
[EventCountry "BRA"]
[SourceTitle "CBM 212 Extra"]
[Source "ChessBase"]
[SourceDate "2023.03.31"]
[SourceVersion "1"]
[SourceVersionDate "2023.03.31"]
[SourceQuality "1"]

1. e4 e6 2. d4 d5 3. Nc3 Nf6 4. e5 Nfd7 5. f4 c5 6. Nf3 Nc6 7. Be3 a6 8. Be2 b5 9. 0-0 Qb6 10. Qd2 cxd4 11. Nxd4 Bc5 12. Rad1 0-0 13. Bf3 Nxd4 14. Bxd4 a5 15. Ne2 b4 16. Bxc5 Qxc5+ 17. Nd4 Ba6 18. Be2 Bxe2 19. Qxe2 g6 20. h3 Rac8 21. Rd3 Qb6 22. Qf2 Nc5 23. Nb3 Rc6 24. Nxc5 Qxc5 25. Qxc5 Rxc5 26. Rf2 Rfc8 27. Rdd2 1/2-1/2

[Event "Concordia op 6th"]
[Site "Concordia"]
[Date "2022.10.15"]
[Round "8"]
[White "Constantino, Pedro Henrique"]
[Black "Eberhard, Gustavo Henrique"]
[Result "1-0"]
[WhiteElo "1802"]
[BlackElo "1307"]
[PlyCount "73"]
[EventDate "2022.10.12"]
[EventType "swiss"]
[EventRounds "9"]
[EventCountry "BRA"]
[SourceTitle "CBM 210 Extra"]
[Source "ChessBase"]
[SourceDate "2022.11.30"]
[SourceVersion "1"]
[SourceVersionDate "2022.11.30"]
[SourceQuality "1"]

1. e4 e6 2. d4 d5 3. e5 c5 4. c3 Qb6 5. Nf3 Nc6 6. a3 a5 7. Be2 f6 8. exf6 Nxf6 9. 0-0 Be7 10. a4 c4 11. Qc2 0-0 12. Nbd2 Qc7 13. Re1 e5 14. dxe5 Nxe5 15. Nxe5 Qxe5 16. Nxc4 Qc7 17. Ne3 Bd6 18. Nf1 Ne4 19. Bf3 Rxf3 20. gxf3 Nf6 21. Ng3 Bh3 22. Bg5 Rf8 23. Qb3 Qf7 24. Rad1 Bxg3 25. hxg3 Ne4 26. Qxd5 Nxg5 27. Qxg5 Kh8 28. Re7 Qg8 29. Rxb7 h6 30. Qh5 Bc8 31. Rc7 Qb3 32. Re1 Rf5 33. Qe8+ Qg8 34. Qxg8+ Kxg8 35. Re8+ Rf8 36. Rxf8+ Kxf8 37. Rxc8+ 1-0

[Event "Concordia op 6th"]
[Site "Concordia"]
[Date "2022.10.14"]
[Round "5"]
[White "Menna Barreto, Luiz Ney"]
[Black "Constantino, Pedro Henrique"]
[Result "1-0"]
[WhiteElo "2235"]
[BlackElo "1802"]
[PlyCount "65"]
[EventDate "2022.10.12"]
[EventType "swiss"]
[EventRounds "9"]
[EventCountry "BRA"]
[SourceTitle "CBM 210 Extra"]
[Source "ChessBase"]
[SourceDate "2022.11.30"]
[SourceVersion "1"]
[SourceVersionDate "2022.11.30"]
[SourceQuality "1"]

1. Nf3 c5 2. c4 Nf6 3. g3 g6 4. b3 Bg7 5. Bb2 Nc6 6. Bg2 d6 7. 0-0 e5 8. Nc3 0-0 9. d3 h6 10. Nd2 Kh7 11. a3 Nh5 12. Nd5 f5 13. b4 cxb4 14. axb4 Ne7 15. Nb1 Nxd5 16. Bxd5 Qb6 17. Qa4 a6 18. Qa5 Qa7 19. Qc7 f4 20. Kg2 fxg3 21. hxg3 Rxf2+ 22. Rxf2 Bh3+ 23. Kg1 Qe3 24. Bf3 Nxg3 25. Nc3 Rf8 26. Qxb7 Rf5 27. Bc1 Qd4 28. Rxa6 Qxc3 29. Be3 Qe1+ 30. Kh2 Nf1+ 31. Rxf1 Bxf1 32. Ra7 Rh5+ 33. Bxh5 1-0

[Event "Florianopolis op 8th"]
[Site "Florianopolis"]
[Date "2022.01.27"]
[Round "6"]
[White "Quintiliano Moura, Paulo Henrique"]
[Black "Constantino, Pedro Henrique"]
[Result "1-0"]
[WhiteElo "1876"]
[BlackElo "1500"]
[PlyCount "53"]
[EventDate "2022.01.24"]
[EventType "swiss"]
[EventRounds "10"]
[EventCountry "BRA"]
[SourceTitle "CBM 206 Extra"]
[Source "ChessBase"]
[SourceDate "2022.03.31"]
[SourceVersion "1"]
[SourceVersionDate "2022.03.31"]
[SourceQuality "1"]

1. e4 c5 2. c3 d6 3. d4 cxd4 4. cxd4 a6 5. Nf3 g6 6. Bc4 Bg7 7. Nc3 Nf6 8. Qe2 0-0 9. Bf4 b5 10. Bb3 Bb7 11. e5 Nh5 12. Bg5 dxe5 13. dxe5 Nc6 14. 0-0 h6 15. Bh4 Nd4 16. Nxd4 Qxd4 17. Bxe7 Rfe8 18. Rad1 Qa7 19. Rd7 Bxg2 20. Rxa7 Rxa7 21. Bc5 Rd7 22. Rd1 Rxd1+ 23. Qxd1 Rxe5 24. Qd8+ Kh7 25. Bxf7 Nf6 26. Kxg2 Rxc5 27. Ne4 1-0

[Event "Florianopolis op 8th"]
[Site "Florianopolis"]
[Date "2022.01.25"]
[Round "3"]
[White "Constantino, Pedro Henrique"]
[Black "Zimmermann, Kleber Renato P"]
[Result "0-1"]
[WhiteElo "1500"]
[BlackElo "1869"]
[PlyCount "90"]
[EventDate "2022.01.24"]
[EventType "swiss"]
[EventRounds "10"]
[EventCountry "BRA"]
[SourceTitle "EXT 2023"]
[Source "ChessBase"]
[SourceDate "2022.10.05"]
[SourceVersion "1"]
[SourceVersionDate "2022.10.05"]
[SourceQuality "1"]

1. e4 c5 2. Nf3 d6 3. d4 cxd4 4. Nxd4 Nf6 5. Nc3 a6 6. h4 e5 7. Nb3 Be6 8. f4 exf4 9. Bxf4 Nc6 10. Qd2 Be7 11. 0-0-0 Ne5 12. Nd4 Rc8 13. Nxe6 fxe6 14. Qd4 Qa5 15. Kb1 0-0 16. Be2 Rc6 17. Bd2 Qc5 18. Be3 Qa5 19. Bd2 Qc7 20. Rhg1 Nfg4 21. Rgf1 Rc8 22. Rf4 h5 23. Rdf1 Qb6 24. Qa4 Bxh4 25. Bxg4 hxg4 26. Qb3 Qxb3 27. axb3 Bg3 28. Rd1 Bxf4 29. Bxf4 Nf7 30. Rd2 Kf8 31. Ne2 Ke7 32. c3 Rc5 33. Kc2 Rh5 34. Ng3 Rh7 35. Nf1 e5 36. Bg3 Ng5 37. Kd3 g6 38. Ne3 Ke6 39. Nxg4 Rf7 40. Re2 Nh7 41. Kc2 Nf6 42. Nf2 Nh5 43. Bh4 Nf4 44. Rd2 Nxg2 45. Bg5 Ne1+ 0-1

[Event "BRA-ch U16"]
[Site "Florianopolis"]
[Date "2021.07.03"]
[Round "4"]
[White "Cardoso, Lucas Emanuel Alves"]
[Black "Constantino, Pedro Henrique"]
[Result "1/2-1/2"]
[WhiteElo "1318"]
[BlackElo "1492"]
[PlyCount "44"]
[EventDate "2021.07.01"]
[EventType "swiss"]
[EventRounds "6"]
[EventCountry "BRA"]
[SourceTitle "CBM 203 Extra"]
[Source "ChessBase"]
[SourceDate "2021.09.30"]
[SourceVersion "1"]
[SourceVersionDate "2021.09.30"]
[SourceQuality "1"]

1. e4 c5 2. Nf3 d6 3. d4 cxd4 4. Nxd4 Nf6 5. Nc3 a6 6. f3 e5 7. Nb3 Be6 8. Be3 Be7 9. Qd2 Nbd7 10. 0-0-0 h5 11. Nd5 Bxd5 12. exd5 Nb6 13. Bxb6 Qxb6 14. Kb1 0-0 15. g3 a5 16. a4 Rfc8 17. h3 Rc7 18. Bb5 e4 19. fxe4 Nxe4 20. Qf4 Nc5 21. Nxc5 Qxc5 22. c4 Bf6 1/2-1/2

[Event "BRA-ch U16"]
[Site "Florianopolis"]
[Date "2021.07.02"]
[Round "2"]
[White "Lima, Vinicius Taishun"]
[Black "Constantino, Pedro Henrique"]
[Result "1-0"]
[WhiteElo "1802"]
[BlackElo "1492"]
[PlyCount "101"]
[EventDate "2021.07.01"]
[EventType "swiss"]
[EventRounds "6"]
[EventCountry "BRA"]
[SourceTitle "CBM 203 Extra"]
[Source "ChessBase"]
[SourceDate "2021.09.30"]
[SourceVersion "1"]
[SourceVersionDate "2021.09.30"]
[SourceQuality "1"]

1. e4 c5 2. Nf3 d6 3. d4 cxd4 4. Nxd4 Nf6 5. Nc3 a6 6. f4 e5 7. Nf3 Nbd7 8. a4 Be7 9. Bd3 0-0 10. 0-0 Qc7 11. Qe1 exf4 12. Bxf4 Ne5 13. Kh1 Ng6 14. Bg5 Be6 15. Nd4 Ng4 16. Bxe7 Nxe7 17. Qg3 Ne5 18. Nf5 Bxf5 19. exf5 Kh8 20. f6 N7g6 21. fxg7+ Kxg7 22. Nd5 Qd8 23. Nf6 Rc8 24. h4 Nxd3 25. cxd3 Kh8 26. Qg5 Rg8 27. Nxg8 Qxg5 28. hxg5 Kxg8 29. Rac1 Re8 30. Rfe1 Rd8 31. Rc7 b5 32. axb5 axb5 33. Rb7 Ne5 34. d4 Nd3 35. Ree7 Nxb2 36. Rxb5 Nd3 37. Rbb7 Rf8 38. Rbd7 Nf4 39. Rxd6 Ne6 40. d5 Nxg5 41. Rc6 Rd8 42. Re5 f6 43. Rxf6 Nf7 44. Ref5 Rd7 45. Kh2 Kg7 46. Rxf7+ Rxf7 47. Rxf7+ Kxf7 48. Kg3 Ke7 49. Kf4 Kd6 50. Ke4 h5 51. g3 1-0

[Event "Timbo op"]
[Site "Timbo"]
[Date "2021.02.21"]
[Round "5"]
[White "Constantino, Pedro Henrique"]
[Black "Lanznaster, Joao Vitor"]
[Result "1-0"]
[WhiteElo "1492"]
[BlackElo "1243"]
[PlyCount "113"]
[EventDate "2021.02.19"]
[EventType "swiss"]
[EventRounds "6"]
[EventCountry "BRA"]
[SourceTitle "EXT 2022"]
[Source "ChessBase"]
[SourceDate "2021.10.06"]
[SourceVersion "1"]
[SourceVersionDate "2021.10.06"]
[SourceQuality "1"]

1. e4 c5 2. Nf3 e6 3. d4 cxd4 4. Nxd4 Nf6 5. Nc3 Bb4 6. e5 Nd5 7. Bd2 Bxc3 8. bxc3 Qc7 9. Qf3 Qxe5+ 10. Be2 Nc6 11. Qg4 a6 12. 0-0 Qf6 13. Rae1 Qg6 14. Qh4 Nxd4 15. Qxd4 0-0 16. c4 Ne7 17. Bd3 Nc6 18. Qh4 f5 19. Bc3 Qg4 20. Qxg4 fxg4 21. Re3 b6 22. Rg3 Rf4 23. h3 Na5 24. Bd2 Rd4 25. Be3 Rd6 26. Rxg4 g6 27. Rf4 Bb7 28. c5 bxc5 29. Bxc5 Rd5 30. Bb4 Nc6 31. Bc3 Rf8 32. Rxf8+ Kxf8 33. Rb1 Bc8 34. Rb6 Ne5 35. Rb8 Nxd3 36. Rxc8+ Ke7 37. cxd3 Rxd3 38. Bb4+ Kf7 39. Ra8 Rd1+ 40. Kh2 Rb1 41. a3 Rb2 42. Kg3 Rb3+ 43. f3 d5 44. Rxa6 d4 45. Ra7+ Kg8 46. Re7 Re3 47. Kf4 Re2 48. Kg5 Rxg2+ 49. Kf6 h5 50. Rg7+ Kh8 51. Rxg6 Re2 52. Rh6+ Kg8 53. Rxh5 d3 54. Rg5+ Kh7 55. Rg7+ Kh8 56. Rd7 Re3 57. Kg6 1-0

[Event "Florianopolis op 6th"]
[Site "Florianopolis"]
[Date "2020.01.25"]
[Round "8"]
[White "Constantino, Pedro Henrique"]
[Black "Assuncao, Darlane Brito"]
[Result "1-0"]
[WhiteElo "1432"]
[BlackElo "1756"]
[PlyCount "53"]
[EventDate "2020.01.20"]
[EventType "swiss"]
[EventRounds "10"]
[EventCountry "BRA"]
[SourceTitle "CBM 194 Extra"]
[Source "ChessBase"]
[SourceDate "2020.03.31"]
[SourceVersion "1"]
[SourceVersionDate "2020.03.31"]
[SourceQuality "1"]

1. e4 d6 2. d4 Nf6 3. Nc3 g6 4. Nf3 Bg7 5. h3 0-0 6. Bc4 c6 7. 0-0 Nbd7 8. Be3 e5 9. dxe5 dxe5 10. Qd2 b5 11. Bd3 Qc7 12. Bh6 Nc5 13. Bxg7 Kxg7 14. Rfe1 a5 15. Qe3 Nxd3 16. cxd3 Nh5 17. Qc5 b4 18. Nb5 Qb8 19. Nd6 f6 20. Nxc8 Qxc8 21. d4 exd4 22. Nxd4 Ra6 23. Rac1 Rf7 24. e5 fxe5 25. Qxe5+ Nf6 26. Ne6+ Kg8 27. Red1 1-0

[Event "Florianopolis op 6th"]
[Site "Florianopolis"]
[Date "2020.01.20"]
[Round "1"]
[White "Cordeiro, Yan Henrique"]
[Black "Constantino, Pedro Henrique"]
[Result "1-0"]
[WhiteElo "1749"]
[BlackElo "1432"]
[PlyCount "61"]
[EventDate "2020.01.20"]
[EventType "swiss"]
[EventRounds "10"]
[EventCountry "BRA"]
[SourceTitle "CBM 194 Extra"]
[Source "ChessBase"]
[SourceDate "2020.03.31"]
[SourceVersion "1"]
[SourceVersionDate "2020.03.31"]
[SourceQuality "1"]

1. e4 c5 2. Nf3 d6 3. Bb5+ Bd7 4. Bxd7+ Nxd7 5. d4 cxd4 6. Qxd4 Ngf6 7. Nc3 e5 8. Qa4 Be7 9. Nd5 Nxd5 10. exd5 0-0 11. 0-0 Nb6 12. Qb3 Qd7 13. Be3 Rac8 14. Bxb6 axb6 15. c3 b5 16. Rfe1 Kh8 17. Nd2 f5 18. Nf3 f4 19. a4 bxa4 20. Rxa4 b5 21. Ra5 Rc5 22. Rea1 Rb8 23. Nd2 Qg4 24. f3 Qd7 25. Ne4 Rc7 26. Rxb5 Rd8 27. Rb8 g5 28. Raa8 g4 29. Qb6 gxf3 30. Qxc7 f2+ 31. Kf1 1-0

[Event "BRA-ch Regional Sul"]
[Site "Lages"]
[Date "2019.10.19"]
[Round "3"]
[White "Guimaraes, Felipe Tavares"]
[Black "Constantino, Pedro Henrique"]
[Result "0-1"]
[WhiteElo "1234"]
[BlackElo "1427"]
[PlyCount "68"]
[EventDate "2019.10.18"]
[EventType "swiss"]
[EventRounds "5"]
[EventCountry "BRA"]
[SourceTitle "CBM 195 Extra"]
[Source "ChessBase"]
[SourceDate "2020.05.31"]
[SourceVersion "1"]
[SourceVersionDate "2020.05.31"]
[SourceQuality "1"]

1. e4 c5 2. Nf3 d6 3. d4 cxd4 4. Nxd4 Nf6 5. Nc3 a6 6. Be3 e5 7. Nb3 Be6 8. Be2 Be7 9. 0-0 0-0 10. Qd2 Qc7 11. f4 exf4 12. Bxf4 Nc6 13. Nd4 Nxd4 14. Qxd4 Rfd8 15. Kh1 Rd7 16. Rae1 b5 17. a3 Rad8 18. Nxb5 axb5 19. Bxb5 Qxc2 20. Bxd7 Rxd7 21. Rf2 Qc5 22. Qd2 Qh5 23. Rf3 Nxe4 24. Rxe4 Bd5 25. Rxe7 Rxe7 26. Rd3 Bxg2+ 27. Kg1 Bf3 28. Rxd6 h6 29. Rd8+ Kh7 30. Bg3 Re2 31. Qd3+ g6 32. Qc3 Rg2+ 33. Kf1 Qb5+ 34. Ke1 Qe2# 0-1